000 00428nam a22001577a 4500
003 OSt
008 250422b |||||||| |||| 00| 0 eng d
020 _a9789356818750
082 _a428.0076 PUV
100 _aPURI, Gautam.
245 _aCAT-2025 Verbal Ability and Reading comprehension solved Papers 2016-2024
260 _aNew Delhi
_bGK Publication(p) Ltd.
_c2025
300 _aMISC
650 _aGeneral
942 _2ddc
_cBK
999 _c13377
_d13377